| 000 | 00426nam a2200169 a 4500 | ||
|---|---|---|---|
| 001 | 2385 | ||
| 003 | CDMR | ||
| 005 | 20131002120151.0 | ||
| 008 | 130130s1976||||||||||||||||||||||||||||d | ||
| 040 |
_aCDMR _bcat _cCDMR |
||
| 100 | 1 |
_aGroombridge, Brian _91778 |
|
| 245 | 1 | 3 | _aLa televisión y la gente |
| 260 |
_aCaracas _c1976 _bMonte Avila |
||
| 300 | _a294 p. | ||
| 650 | 0 | 4 |
_91190 _aTelevisió _xAspectes socials |
| 942 |
_cMON _2udc |
||
| 999 |
_c2385 _d2385 |
||